1316 1497 1702 1171 1711 1776 1910 1398 1716 1956 1144 1224 1843 1433 1154 1171 1990 1433 1259 1649 1764 1287 1655 1047 1049 1074 1061 1671 1874 1679 1537 1498 1518 1218 1534 1748 1291 1972 1721 1316 1021 1964 1690 1988 1737 1591 1516 1801 1020 1813 1886 1853 1596 1123 1844 1086 1831 1949 1683 1082 1603 1694 1763 1154 1513 1337 1528 1576 1015 1440 1138 1725 1576 1488 1610 1678 1245 1332 1866 1792 1454 1778 1319 1105 1053 1193 1072 1159 1592 1907 1219 1415 1957 1472 1234 1202 1393 1670 1334 BCNSPRNW ULIB Ver.6.0+V

เปลี่ยนเป็นภาษาไทย

Change to English
 แสดงรายละเอียดบรรณานุกรม
  กลับหน้าหลัก

Brief Record : Get Marc (ISO 2709) : E-mail record : QR code < ปิดหน้าต่าง
LEADER : 00000nam 2200000uu 4500
001    13399115079
003     ULIB
008    120709s2551||||th 000 0 tha d
020    ^a9789749228371
050  4 ^aAE71^bส819 2551
245 00 ^aสารานุกรมรอบรู้ รอบโลก /^c[บรรณาธิการ, สุณี ธนาเลิศกุล...
250    ^aพิมพ์ครั้งที่ 6
260    ^aกรุงเทพฯ :^bรีดเดอร์ส ไดเจสท์ (ประเทศไทย),^c2551
300    ^a477 หน้า :^bภาพประกอบ ;^c28 ซม.
650  4 ^aสารานุกรม
700 0  ^aสุณี ธนาเลิศกุล,^eบรรณาธิการ
700 0  ^aศ.วิสุทธิ์ บุษยกุล,^eผู้แปล
710 2  ^aรีดเดอร์ส ไดเจสท์ (ประเทศไทย)
945    ^p0^l0^i16555
995    ^aกัณชพร
999 ^a ใช้งานได้ทุกระบบ
รายการนี้ยังไม่มีแท็ก
คุณยังไม่ได้ล็อกอิน คุณสามารถมีกิจกรรมร่วมกับเว็บไซต์ได้ แต่ต้องล็อกอินก่อน ::
  ล็อกอิน

รายการสื่อสารสนเทศ

ลำดับที่ ประเภท เลขเรียก/บาร์โค้ด สถานที่ สถานะ
- ไม่พบข้อมูล -

รายการใกล้เคียง
    หัวเรื่อง [สารานุกรม]

BibComment


ยังไม่เคยถูกคอมเมนท์

คอมเมนท์ทรัพยากรรายการนี้
  คอมเมนท์: สารานุกรมรอบรู้ ..


 Copyright 2026. Bcnsprnw @Library